000 00258nam a22001097a 4500
008 170111b xxu||||| |||| 00| 0 eng d
020 _a9780397554607
041 _aeng
080 _a618.2
245 _aCOMMUNITY HEALTH NURSING
_cMVKINNON, T.H
942 _2udc
_cBK
999 _c2693
_d2693